Aplikácia konkurenčnej stratégie v podniku Zekon, a. s. Michalovce diplomová práca

Na minha lista:
Detalhes bibliográficos
Autor principal: Belušák, Michal
Autor Corporativo: Podnikovohospodárska fakulta EU so sídlom v Košiciach. Katedra manažmentu
Outros Autores: Bruothová, Michaela, 1979-
Formato: Livro
Idioma:eslovaco
Publicado em: Košice 2011
Tags: Adicionar Tag
Sem tags, seja o primeiro a adicionar uma tag!

MARC

LEADER 00000nbm a2200000 4500
001 0139062
005 20161109101903.7
041 0 |a slo 
044 |a SK 
245 1 0 |a Aplikácia konkurenčnej stratégie v podniku Zekon, a. s. Michalovce  |b diplomová práca  |c Michal Belušák ; školiteľ: Michaela Bruothová 
264 1 |a Košice  |c 2011 
300 |a 72 s. 
100 1 |a Belušák, Michal 
700 1 |a Bruothová, Michaela, 1979- 
710 2 |a Podnikovohospodárska fakulta EU so sídlom v Košiciach. Katedra manažmentu